| 000 | 01254nam a2200289 a 4500 | ||
|---|---|---|---|
| 001 | 000046325 | ||
| 003 | DO-SdBNP | ||
| 005 | 20260528100702.0 | ||
| 008 | 150723s2015 dr r 000 0 spa d | ||
| 020 | _a9789945418330 | ||
| 040 |
_aDO-SdBNP _bspa _cBNPHU |
||
| 082 | 4 |
_aRD860.4409 _bH557b _222 |
|
| 100 | 1 |
_aHernández, Gisela _974344 |
|
| 245 | 1 | 0 |
_aBruno Rosario Candelier : _bSenda de cultura y humanismo / _cGisela Hernández. |
| 260 |
_aMoca, República Dominicana : _bAteneo Insular Internacional, _c2015. |
||
| 300 |
_a575 p. ; _c23 cm. |
||
| 490 | 0 |
_aPor las amenas liras _v14 |
|
| 500 | _aIncluye referencias bibliográficas y notas al pie de las páginas. | ||
| 500 | _aIncluye datos biográficos de la autora en la solapa de la cubierta. | ||
| 505 | 1 |
_aCrítica literaria -- _tEnsayos -- _tInteriorismo -- _tNovela -- _tLas enseñanzas del maestro Bruno Rosario Candelier -- |
|
| 590 | _aInventariado, 2020/BT | ||
| 600 | 1 | 0 |
_aRosario Candelier, Bruno, _d1941- _xCriticism and interpretation. _2LIBRUNAM _989782 |
| 650 | 7 |
_aLiteratura dominicana _xHistoria y crítica _ySiglo XX _2LEMB _922986 |
|
| 650 | 7 |
_aLiteratura dominicana _xCrítica e interpretación _2LEMB _9216 |
|
| 910 | _aValidado. Control de calidad MFF | ||
| 942 |
_2ddc _cLBS1 |
||
| 999 |
_c45814 _d45814 |
||